000
00290nam a2200109Ia 4500
008
190906s9999||||xx |||||||||||||| ||und||
100
_a
Abhijit Chaudhury
245
0
_a
E-business and e-Commerce Insfrastructure
260
_a
New Delhi
_b
Tata McGraw Hill
_c
2002
300
_a
448
942
_c
BK
999
_c
6164
_d
6164